No easy answer (Record no. 77598)

MARC details
000 -LEADER
fixed length control field 01069cab a2200205 4500
001 - CONTROL NUMBER
control field ##L134627
008 - FIXED-LENGTH DATA ELEMENTS--GENERAL INFORMATION
fixed length control field 060821n2006 000 0 eng u
035 ## - SYSTEM CONTROL NUMBER
System control number (Sirsi) u134627
041 0# - LANGUAGE CODE
Language code of text/sound track or separate title eng
100 1# - MAIN ENTRY--PERSONAL NAME
Personal name Stell, Patrick
245 00 - TITLE STATEMENT
Title No easy answer
260 ## - PUBLICATION, DISTRIBUTION, ETC.
Date of publication, distribution, etc. 2006
490 #0 - SERIES STATEMENT
Series statement RICS Building Surveying Faculty The Journal
Volume/sequential designation July 2006, 16-17(2)
520 ## - SUMMARY, ETC.
Summary, etc. When preparing a schedule of dilapidations on the expiry of a lease, many landlords include a claim for consequential losses, principally loss of rent. There is, however, little agreement among surveyors as to when such a claim is really appropriate. This article examines case law on the subject, outlines some of the factors to be taken into account by the landlord's surveyor when considering whether to make such a claim, and considers the kind of supporting evidence the landlord may have to produce to be successful.
590 ## - LOCAL NOTE (RLIN)
Local note IKA220806
651 #4 - SUBJECT ADDED ENTRY--GEOGRAPHIC NAME
Geographic name GREAT BRITAIN
690 ## - LOCAL SUBJECT ADDED ENTRY--TOPICAL TERM (OCLC, RLIN)
Topical term or geographic name as entry element PROPERTY-LEASEHOLD PROPERTY-LANDLORD AND TENANT-DILAPIDATIONS
700 1# - ADDED ENTRY--PERSONAL NAME
Personal name Tugwell, Andrew
942 ## - ADDED ENTRY ELEMENTS (KOHA)
Suppress in OPAC 0
Holdings
Withdrawn status Lost status Source of classification or shelving scheme Damaged status Not for loan Home library Current library Shelving location Date acquired Total Checkouts Full call number Barcode Date last seen Copy number Price effective from Koha item type
    Dewey Decimal Classification     London London Journal article 21/08/2006   L134627 134627-1001 06/08/2019 1 06/08/2019 Journal article